Tales of Famous Animals / (Record no. 4987)

MARC details
000 -LEADER
fixed length control field 00997nam a22002537a 4500
001 - CONTROL NUMBER
control field 4987
003 - CONTROL NUMBER IDENTIFIER
control field FISKH
005 - DATE AND TIME OF LATEST TRANSACTION
control field 20250815123104.0
008 - FIXED-LENGTH DATA ELEMENTS--GENERAL INFORMATION
fixed length control field 241030b cb ||||| |||| 00| 0 eng d
020 ## - INTERNATIONAL STANDARD BOOK NUMBER
International Standard Book Number 9780545548830
040 ## - CATALOGING SOURCE
Original cataloging agency FISKH
Language of cataloging eng
Transcribing agency FISKH
Modifying agency FISKH
050 ## - LIBRARY OF CONGRESS CALL NUMBER
Classification number QL793.R66
082 ## - DEWEY DECIMAL CLASSIFICATION NUMBER
Classification number 591.973
100 ## - MAIN ENTRY--PERSONAL NAME
Personal name Roop, Peter
245 ## - TITLE STATEMENT
Title Tales of Famous Animals /
Statement of responsibility, etc. Peter and Connie Roop : illustrated by Zachary Pullen
250 ## - EDITION STATEMENT
Edition statement First Scholstic paperback printing, January 2013
260 ## - PUBLICATION, DISTRIBUTION, ETC.
Place of publication, distribution, etc. New York :
Name of publisher, distributor, etc. Scholastic ;
Date of publication, distribution, etc. 2012 .
300 ## - PHYSICAL DESCRIPTION
Extent 110 pages :
Other physical details color illustrations ;
Dimensions 28 cm .
520 ## - SUMMARY, ETC.
Summary, etc. Learn about the incredible accomplishments of famous animals. All throughout history, there have been remarkable stories of bravery and heroics -- and some of those tales aren't just about humans. Come meet the animals who made their mark on the past.
650 ## - SUBJECT ADDED ENTRY--TOPICAL TERM
Topical term or geographic name entry element history
Form subdivision non-fiction
700 ## - ADDED ENTRY--PERSONAL NAME
Personal name Pullen, Zachary
Relator term illustrator
942 ## - ADDED ENTRY ELEMENTS (KOHA)
Source of classification or shelving scheme Dewey Decimal Classification
Koha item type Books
Suppress in OPAC No
Holdings
Withdrawn status Lost status Source of classification or shelving scheme Damaged status Not for loan Collection Home library Current library Shelving location Date acquired Total Checkouts Full call number Barcode Date last seen Price effective from Koha item type Copy number
    Dewey Decimal Classification     Non-Fiction Footprints International School Library Network Toul Tom Poung Campus Footprints International School Library Network Toul Tom Poung Campus TTP Secondary Non-Fiction Bookshelves 10/30/2024   ROP 591.973 QL793.R66 FISSE01194 10/30/2024 10/30/2024 Books  
    Dewey Decimal Classification     Non-Fiction Footprints International School Library Network Toul Tom Poung Campus Footprints International School Library Network Toul Tom Poung Campus TTP Secondary Non-Fiction Bookshelves 08/15/2025   ROP 591.973 QL793.R66 FISTK04879 08/15/2025 08/15/2025 Books 2